近戰法師

資料類型: Book 圖書   書目號:51821

Leader xxxxxxxxxx
001 __ 102509/4/01
005 __ 20171120175636.004
010 0_ |a9789865782160|b第1冊 : 平裝|d新臺幣240元
100 __ |a20171120d2013    km y0chiy50      b
101 0_ |achi
102 __ |atw
105 __ |ay   z   000ay
200 1_ |a近戰法師|e|h|f蝴蝶藍作
205 __ |a初版
210 __ |a新北市|c知翎文化|d2013[民102]
215 0_ |a319面|c|d21公分
225 12 |a瘋讀|vCB001
300 __ |a
606 __ |2cst|a小說
681 __ |a857.7|b8585 v.1
700 _0 |a蝴蝶藍|b|4702 __ |a|b|4
801 _0 |atw|bLibDipper|c20171120|gCCR
詳細館藏 11-20 筆 (共 21 筆)
索 書 號登 錄 號冊次號館別 / 館藏地流通類型狀態加入預約清單電子資源
857.7 / 8585 2020440 v.10 圖書館 / 一樓輕小說專區 可外借30天 在館   
857.7 / 8585 2020441 v.11 圖書館 / 一樓輕小說專區 可外借30天 在館   
857.7 / 8585 2020442 v.12 圖書館 / 一樓輕小說專區 可外借30天 在館   
857.7 / 8585 2020443 v.13 圖書館 / 一樓輕小說專區 可外借30天 在館   
857.7 / 8585 2020444 v.14 圖書館 / 一樓輕小說專區 可外借30天 在館   
857.7 / 8585 2020445 v.15 圖書館 / 一樓輕小說專區 可外借30天 在館   
857.7 / 8585 2020446 v.16 圖書館 / 一樓輕小說專區 可外借30天 在館   
857.7 / 8585 2020447 v.17 圖書館 / 一樓輕小說專區 可外借30天 借出中(2023/5/29應還) 加入預約清單
857.7 / 8585 2020448 v.18 圖書館 / 一樓輕小說專區 可外借30天 在館   
857.7 / 8585 2020449 v.19 圖書館 / 一樓輕小說專區 可外借30天 在館   

切換至館藏 第 1, 2, 3

  

| 條列資料




目錄查詢 分類查詢 個人資料 圖書薦購 新書查詢 閉館日 排行榜 更多電子資源 Hami書城 線上資料庫 登出

From : 216.73.217.87

  本日流通累計至 14:16:49 借閱 : 13 次 續借 : 0 次 歸還 : 10 次 預約 : 0 次 電子資源 : 0 次


內湖高中圖書館  PCLIS 版本  26.5.0.12